Main countries who fought in WW2 - Statistics

General Stats
  • This quiz has been taken 246 times
    227 since last reset
  • The average score is 10 of 18
Answer Stats
Hints Answer % Correct
Main axis power Germany
90%
Hungry... lol Hungary
87%
Paris France
83%
Mainly fought against japan USA
79%
Bombed Pearl Harbor Japan
77%
Axis and under Germany Italy
73%
Got bombed many times by the germans UK
72%
Biggest country in the world USSR
71%
Lost Korea to japan China
66%
Mainly fought with the USSR Finland
55%
Country that got attacked by the USSR and Germany Poland
52%
Joined axis to get protected from the USSR Romania
52%
Serbian controlled and allied Yugoslavia
36%
In the Balkans and allied Greece
33%
In the axis and In the Balkan’s Bulgaria
32%
Allied country in South America Brazil
29%
Annexed by japan Thailand
8%
Used to be allied Vichy france
1%
No matching quizzes found
Score Distribution
Percent of People with Each Score
Percentile by Number Answered
Your Score History
You have not taken this quiz since the last reset